000
00321nam a22001337a 4500
020
_a
0-7131-3278-7
082
_a
621.38131 CON
100
_a
CONNOR, F.R
_9
41478
245
_a
WAVE TRANSMISSION
260
_a
GREAT BRITAIN
_b
EDWARD ARNOLD
_c
1972
300
_a
VI,107P
650
_a
WAVE TRANSMISSION
_9
78624
942
_c
BK
999
_c
583738
_d
583738